000 00811nam a2200277Ia 4500
003 OSt
005 20220918163156.0
006 a|||||r|||| 00| 0
007 ta
008 220917b |||||||| |||| 00| 0 eng d
020 _a902308564
024 _a248,885
037 _cTextual
040 _aARTS
_cARTS
_beng
041 _2eng
_aeng
082 _aX:3M24xM18:g, L9
100 _aAlthusser Louis
_911722
245 0 _aReaading capital By Louis althusser and Etiene Balibar
260 _aLondon
_bNLB UK
_c1979
300 _a340p
_ccm.
500 _aEnglish translation of Lire le Capital by Francois Maspero
650 _aECONOMICS
700 _a Balibar Etienne
_911723
942 _hX:3M24xM18:g, L9
_cTEXL
_2CC
999 _c118183
_d118183